| 000 | 00695nam a22002177a 4500 | ||
|---|---|---|---|
| 003 | OSt | ||
| 005 | 20260216120010.0 | ||
| 008 | 160222b xxu||||| |||| 00| 0 eng d | ||
| 020 | _a05-749-2012-1 | ||
| 040 | _c0 | ||
| 050 | _a174.4 | ||
| 082 | _a174.4 | ||
| 100 |
_aPolani,Faizan Zakaria. _9133241 |
||
| 245 |
_aInstitutional Change through Transformational leadership at management and professional development. _bCase Studies. _cFaizan Zakaria |
||
| 260 |
_aLahore _bLUMS _c2012 |
||
| 300 | _a23p. | ||
| 500 | _aPaper Cover | ||
| 590 | _6http://10.250.8.41:8080/xmlui/handle/123456789/56792 | ||
| 856 | _uhttp://10.250.8.41:8080/xmlui/handle/123456789/56792 | ||
| 942 |
_2ddc _cCS _k174.4 |
||
| 999 |
_c351205 _d351205 |
||